000 01232cab a2200265 4500
001 ABS58130
008 090401t1997 xxu||||| |||| 00| 0 eng d
035 _a(Sirsi) u83312
041 _aeng
100 _aPrice, A.
245 2 _aA research methodology for modelling construction design service costs
260 _c1997
350 _a0
490 _aJournal of Construction Procurement
_v3(3) November 1997, 47-67(21)
520 _aThe increased use of fee competition by construction industry clients has caused providers of professional design services to review their fee estimation and cost control approaches. This paper describes the development of a research methodology for a programme of work that was initiated at the request of industrial collaborators and was concerned with the development of a practical system for determining realistic fee estimates for design work using historic cost data. (Taken from journal article abstract). References.
650 _aCOST DATA
650 _aDESIGN COST ESTIMATION
650 _aFEE ESTIMATION
650 _aRESEARCH
690 _aBUILT ENVIRONMENT-BUILDING COSTS
700 _aBlackwood, D.
700 _aSarkar, S.
942 _n0
948 _c26/01/1998
999 _c52611
_d52611